000 00589nam a2200241Ia 4500
008 210210b2012 xxu||||| |||| 00| 0 eng d
020 _a9789380033488
041 _aeng
082 _a657.046 BARA
100 _aBARAD (Manisha)
245 _aAdvanced college accounting: a practical handbook
260 _aJaipur
_bParadise Publishers
_c2012
300 _av,272
650 _apractical
650 _ahandbook
650 _acollege
650 _aAdvanced
650 _aaccounting:
650 _aAccounting theory
650 _aa
690 _aAccountancy
906 _a067653
999 _c150826
_d150826